Historical Figures whose Names starts with L - Statistics

General Stats
  • This quiz has been taken 44 times
  • The average score is 16 of 24
Answer Stats
Picture Hint Answer % Correct
Für Elise Ludwig van Beethoven
100%
the Mona Lisa Leonardo da Vinci
98%
author of "War and Peace" Leo Tolstoy
90%
the Sun King Louis XIV of France
90%
British archaeologist and military officer Lawrence of Arabia (T.E. Lawrence)
88%
U.S. president during Vietnam War Lyndon B. Johnson
86%
Invented a reading and writing system for blind people Louis Braille
83%
French king during the French Revolution Louis XVI of France
83%
Norse explorer, first European to set foot on continental North America Leif Erikson
81%
21th century pope, born as Robert Francis Prevost Leo XIV
81%
Author of Alice's Adventures in Wonderland Lewis Carroll
81%
French chemist and microbiologist renowned for his discoveries in vaccination Louis Pasteur
74%
Polish labor activist who founded Solidarity Lech Wałęsa
71%
author of Little Women Louisa May Alcott
69%
King of Sparta Leonidas I of Sparta
67%
Key figure in the Russian Revolution and commander of the Red Army Leon Trotsky
64%
Chinese philosopher famous for taoism Laozi
62%
Belgian king and owner of Congo Free State Leopold II of Belgium
62%
Swiss mathematician Leonhard Euler
40%
French malletier and fashion designer Louis Vuitton
33%
propaganda movie Triumph des Willens Leni Riefenstahl
29%
Austrian philosopher who influenced logic and language Ludwig Wittgenstein
21%
French revolutionary and leader of the Paris Commune Louise Michel
5%
Father of electrophysiology Luigi Galvani
5%
No matching quizzes found
Score Distribution
Percent of People with Each Score
Percentile by Number Answered
Your Score History
You have not taken this quiz